MARC details
| 000 -CABECERA |
| campo de control de longitud fija |
01131cam a2200277 i 4500 |
| 001 - NÚMERO DE CONTROL |
| campo de control |
000018421 |
| 003 - IDENTIFICADOR DEL NÚMERO DE CONTROL |
| campo de control |
DO-SdBNP |
| 005 - FECHA Y HORA DE LA ÚLTIMA TRANSACCIÓN |
| campo de control |
20250702095430.0 |
| 008 - DATOS DE LONGITUD FIJA--INFORMACIÓN GENERAL |
| campo de control de longitud fija |
760514r19761959ctuaf b 001 1 eng |
| 010 ## - NÚMERO DE CONTROL DE LA BIBLIOTECA DEL CONGRESO |
| Número de control de LC |
75031443 |
| 020 ## - NÚMERO INTERNACIONAL ESTÁNDAR DEL LIBRO |
| Número Internacional Estándar del Libro |
0837185106 |
| 040 ## - FUENTE DE LA CATALOGACIÓN |
| Centro catalogador/agencia de origen |
DO-SdBNP |
| Centro/agencia transcriptor |
DLC |
| Centro/agencia modificador |
DLC |
| 041 1# - CÓDIGO DE LENGUA |
| Código de lengua del texto/banda sonora o título independiente |
engjpn |
| 130 0# - ENTRADA PRINCIPAL--TÍTULO UNIFORME |
| Título uniforme |
Taiheiki. English. |
| 9 (RLIN) |
39880 |
| 245 04 - MENCIÓN DE TÍTULO |
| Título |
The Taiheiki : |
| Resto del título |
a chronicle of medieval Japan / |
| Mención de responsabilidad, etc. |
translated, with an introd. and notes, by Helen Craig McCullough. |
| 260 ## - PUBLICACIÓN, DISTRIBUCIÓN, ETC. |
| Lugar de publicación, distribución, etc. |
Westport, Conn. : |
| Nombre del editor, distribuidor, etc. |
Greenwood Press, |
| Fecha de publicación, distribución, etc. |
1976, c1959. |
| 300 ## - DESCRIPCIÓN FÍSICA |
| Extensión |
xlix, 401 p., [5] leaves of plates : |
| Otras características físicas |
ill. ; |
| Dimensiones |
23 cm. |
| 500 ## - NOTA GENERAL |
| Nota general |
Ascribed to Kojima Håoshi and others. |
| 500 ## - NOTA GENERAL |
| Nota general |
Reprint of the ed. published by Columbia University Press, New York, which was issued as no. 59 of Records of civilization, sources and studies. |
| 504 ## - NOTA DE BIBLIOGRAFÍA, ETC. |
| Nota de bibliografía, etc. |
Includes bibliographical references and index. |
| 700 0# - PUNTO DE ACCESO ADICIONAL--NOMBRE DE PERSONA |
| Nombre de persona |
Kojima Håoshi, |
| Fechas asociadas al nombre |
d. 1374. |
| 9 (RLIN) |
39883 |
| 700 1# - PUNTO DE ACCESO ADICIONAL--NOMBRE DE PERSONA |
| Nombre de persona |
McCullough, Helen Craig. |
| 9 (RLIN) |
39884 |
| 830 #0 - PUNTO DE ACCESO ADICIONAL DE SERIE-TÍTULO UNIFORME |
| Título uniforme |
Records of civilization, sources and studies ; |
| Designación de volumen o secuencia |
no. 59. |
| 9 (RLIN) |
39885 |
| 910 ## - DATOS DE OPCIÓN DEL USUARIO (OCLC) |
| Datos de opción del usuario |
Catalogación por derivada / LC |
| 942 ## - ELEMENTOS DE PUNTO DE ACCESO ADICIONAL (KOHA) |
| Fuente del sistema de clasificación o colocación |
Dewey Decimal Classification |
| Tipo de ítem Koha |
Libro |